000 00641nam a2200181Ia 4500
008 151202s9999||||xx |||||||||||||| ||und||
082 _bPNVM-64060
100 _aनायक श्रीकांत विष्णू.
245 _aचक्रव्यूह.
260 _b"ज्ञानदत्त प्रकाशन,पुणे."
260 _c64060
300 _a296
600 _aनायक श्रीकांत विष्णू.
630 _aचक्रव्यूह.
700 _aनायक श्रीकांत विष्णू.
730 _aचक्रव्यूह.
942 _cBOOK
999 _c1330594
_d1330591